Normal view
MARC view
- Accounting
Entry Topical Term
001 - CONTROL NUMBER
- control field: 3128
003 - CONTROL NUMBER IDENTIFIER
- control field: JO-AjAnu
005 - DATE AND TIME OF LATEST TRANSACTION
- control field: 20230606070821.0
008 - FIXED-LENGTH DATA ELEMENTS
- fixed length control field: 230606|| aca||aabn | a|a d
040 ## - CATALOGING SOURCE
- Original cataloging agency: JO-AjAnu
- Transcribing agency: JO-AjAnu
150 ## - HEADING--TOPICAL TERM
- Topical term or geographic name entry element: Accounting
670 ## - SOURCE DATA FOUND
- Source citation: Work cat.: (JO-AjAnu)1639: Needles Jr,Belverd/ Powers.Marian/Mills, Sherry K / Anderson, Henry R ؛Consulting Author:Caldwell,James C ؛Consulting Editor: Crosson,Susan V, author 3127, Managerial accounting